Statistics for List of English monarchs

Click here to take the quiz!

General Stats

  • This quiz has been taken 203 times
  • The average score is 28 of 32

Answer Stats

HintAnswer% Correct
1413-1422Henry V
96%
1422-1461Henry VI
96%
1470-1471Henry VI
96%
1485-1509Henry VII
96%
1509-1547Henry VIII
96%
1100-1135Henry I
95%
1558-1603Elizabeth I
94%
1154-1189Henry II
93%
1216-1272Henry III
93%
1399-1413Henry IV
92%
1066-1087William I
91%
1483-1483Edward V
88%
1087-1100William II
88%
1625-1649Charles I
87%
1660-1685Charles II
87%
1272-1307Edward I
87%
1307-1327Edward II
86%
1461-1470Edward IV
86%
1471-1483Edward IV
86%
1547-1553Edward VI
86%
1689-1702William III
86%
1327-1377Edward III
85%
1189-1199Richard I
84%
1553-1558Mary I
83%
1377-1399Richard II
83%
1603-1625James I
82%
1199-1216John
82%
1685-1688James II
81%
1483-1485Richard III
81%
1702-1714Anne
78%
1689-1694Mary II
70%
1135-1154Stephen
68%

Score Distribution

Percentile by Number Answered

Percent of People with Each Score

Your Score History

You have not taken this quiz